| 000 | 00848cam a2200205 4500 | ||
|---|---|---|---|
| 001 | WB3817-07 | ||
| 008 | 020509n2002 000 0 eng u | ||
| 035 | _a(Sirsi) u117910 | ||
| 245 | _aGovernment welcomes empty homes report | ||
| 260 | _c2002 | ||
| 490 |
_aDTLR News Release _v(0185) 8 May 2002, (2) |
||
| 520 | _aGovernment has welcomed a Select Committee report on empty homes as a valuable contribution to the debate on bringing empty homes back into use. Select Committee report can be found at http://www.parliament.the-stationery-office.co.uk/pa/cm200102/cmselect/cmtlgr/240/24002.htm. http://www.press.dtlr.gov.uk/pns/DisplayPN.cgi?pn_id=2002_0185 | ||
| 590 | _aWB | ||
| 650 | _aEMPTY HOMES | ||
| 650 | _aREGENERATION | ||
| 650 | _aNEIGHBOURHOOD DECLINE | ||
| 650 | _aNEIGHBOURHOOD RENEWAL | ||
| 690 | _aHOUSING | ||
| 942 | _n0 | ||
| 999 |
_c70227 _d70227 |
||